ROZPOZNAJ RAPERA PO HICIE 2019/2020 - Statystyki

Ogólne statystyki
  • Ten quiz został rozwiązany 476 razy
  • Średni wynik to 18 z 21
Statystyki odpowiedzi
TYTUŁ RAPER % Poprawnych
SCHODKI MATA
96%
JĘZYK CIAŁA TYMEK | BIG SCHYTE |
96%
ANIOŁY I DEMONY TYMEK | BIG SCHYTE | DEYS |
96%
Sexoholik Żabson
95%
GOMBAO 33 MATA | SZCZEPAN | WYGUŚ | ADAM |
94%
BILLY KID ReTo
94%
RAINMAN TYMEK | TRILL PEM | TEDE
94%
@ CHILLWAGON
93%
FLOYD MAYWEATHER ŻABSON
92%
POLSKIE TANGO Taco Hemingway
88%
Bestia Young Igi
88%
JOLKA CHILLWAGON
86%
MORGAN WHITE 2115
86%
LUCKY PUNCH KIZO | WAC TOJA
82%
Dementor Filipek | Tymek
81%
Skiety & Klapki Kabe | Kizo
80%
KOSMITA GEDZ
77%
NICKI Trill Pem | Wac Toja
76%
DRIFTEM KIZO | YOUNG IGI
65%
FREESTYLE "TWÓJ STARY" PARIS PLATYNOV
65%
UKŁADANKI YOUNG IGI | MARGARET
49%
Nie znaleziono quizów pasujących do podanych kryteriów
Rozkład punktacji
Procent ludzi z każdym wynikiem
Percentyl według liczby udzielonych odpowiedzi
Twoja historia wyników
Nie rozwiązałeś tego quizu